| 000 -ლიდერი |
| ფიქსირებული სიგრძის საკონტროლო ველი |
00850nam a22001937a 4500 |
| 003 - საკონტროლო ნომრის იდენტიფიკატორი |
| საკონტროლო ველი |
Ge_BSU |
| 005 - ბოლო ოპერაციის თარიღი და დრო |
| საკონტროლო ველი |
20230306143024.0 |
| 008 - ფიქსირებული სიგრძის მონაცემთა ელემენტები - ზოგადი ინფორმაცია |
| ფიქსირებული სიგრძის საკონტროლო ველი |
230306s2003 ge ||||| |||| 00| 0 geo d |
| 020 ## - წიგნის საერთაშორისო სტანდარტული ნომერი |
| International Standard Book Number |
999407296X |
| 041 ## - ენის კოდი |
| Language code of text/sound track or separate title |
geo |
| 080 ## - უნივერსალური ათობითი კლასიფიკაციის ინდექსი |
| Universal Decimal Classification number |
34(479.22)+35 რ-97 |
| 100 ## - მთავარი ჩანაწერი - პიროვნების სახელი |
| Personal name |
რუხაძე, ზაზა |
| 9 (RLIN) |
189 |
| 245 ## - ცნობა სათაურის შესახებ |
| Title |
ხელისუფლების ორგანიზაციის დემოკრატიზაცია : |
| Remainder of title |
(აქტუალური პრობლემები) / |
| Statement of responsibility, etc |
ზაზა რუზაძე; რედაქტორი ვალერი ლორია. |
| 264 ## - წარმოების, გამოცემის, დისტრიბუციის და სხვა ცნობები |
| გამოცემის, წარმოების, დისტრიბუციის... ადგილი |
თბილისი, |
| გამოცემის, წარმოების, დისტრიბუციის... თარიღი |
2003. |
| 300 ## - ფიზიკური აღწერა |
| Extent |
68 გვ.; |
| Other physical details |
20 სმ. |
| 653 ## - INDEX TERM--UNCONTROLLED |
| Uncontrolled term |
დემოკრატიზაცია |
| 700 ## - ADDED ENTRY--PERSONAL NAME |
| Personal name |
ლორია, ვალერი |
| Relator term |
რედაქტორი |
| 9 (RLIN) |
12576 |
| 942 ## - ADDED ENTRY ELEMENTS (KOHA) |
| Source of classification or shelving scheme |
|
| Koha item type |
წიგნი |